[Event "SLO-chT (Women)"]
[Site "Ljubljana"]
[Date "2015.04.12"]
[Round "7.1"]
[White "Stevanec, Lea"]
[Black "Franciskovic, Borka"]
[Result "1/2-1/2"]
[WhiteElo "2085"]
[BlackElo "2325"]
[PlyCount "205"]
[EventDate "2015.03.12"]
[EventType "team-tourn"]
[EventRounds "7"]
[EventCountry "SLO"]
[SourceTitle "EXT 2019"]
[Source "ChessBase"]
[SourceDate "2018.10.10"]
[SourceVersion "1"]
[SourceVersionDate "2018.10.10"]
[SourceQuality "1"]
[WhiteTeam "Tomo Zupan Kranj (W)"]
[BlackTeam "Kocevje Inotherm (W)"]
[WhiteTeamCountry "SLO"]
[BlackTeamCountry "SLO"]

1. d4 Nf6 2. c4 e6 3. Nf3 Bb4+ 4. Bd2 Qe7 5. g3 Nc6 6. Bg2 Bxd2+ 7. Nbxd2 d6 8. 0-0 0-0 9. e4 e5 10. d5 Nb8 11. Qc2 a5 12. Rac1 Na6 13. a3 Bd7 14. b3 c6 15. dxc6 bxc6 16. Rfe1 Rfb8 17. Qc3 c5 18. a4 Nb4 19. Rcd1 Bg4 20. h3 Bxf3 21. Bxf3 Nc6 22. Rc1 Nd4 23. Bd1 Rb4 24. Qe3 Rab8 25. Rc3 Nd7 26. Kh2 Nf8 27. f4 exf4 28. gxf4 Re8 29. Qf2 Rbb8 30. Rg3 f5 31. Reg1 g6 32. Re3 Kh8 33. e5 dxe5 34. Rxe5 Qc7 35. Rge1 Rxe5 36. Rxe5 Nd7 37. Re7 Qd6 38. Qe3 Rf8 39. Nf3 Nxf3+ 40. Bxf3 g5 41. Qc3+ Nf6 42. Re5 gxf4 43. Rxf5 Kg7 44. Rd5 Qc7 45. Rg5+ Kh6 46. Rg2 Qd6 47. Qe1 Nh5 48. Qh4 Rf5 49. Kh1 Qf6 50. Qxf6+ Rxf6 51. Rd2 Rb6 52. Rd3 Ng3+ 53. Kg2 Nf5 54. Kf2 Nd4 55. Bd1 Kg5 56. Kg2 Kf5 57. Rc3 Ke5 58. Kf2 Rb8 59. Rc1 Rb4 60. Rc3 Kf5 61. h4 h6 62. h5 Ke4 63. Bf3+ Nxf3 64. Rxf3 Rb8 65. Ke2 Rg8 66. Kf2 Rg4 67. Rh3 Rg5 68. Rh1 Rg3 69. Re1+ Re3 70. Rd1 Rxb3 71. Rd6 Rb2+ 72. Ke1 Rc2 73. Rxh6 Rxc4 74. Rh8 Kf3 75. Rc8 Re4+ 76. Kd2 Re5 77. h6 Rh5 78. Rh8 Kf2 79. h7 f3 80. Kd3 Rh4 81. Kc3 c4 82. Kd2 Rh1 83. Kc2 Kf1 84. Rf8 Rxh7 85. Rxf3+ Ke2 86. Rf5 Ke3 87. Kc3 Ke4 88. Rxa5 Rc7 89. Rh5 Rc8 90. a5 Rc6 91. Rb5 Kf4 92. Rd5 Ke4 93. Rg5 Kf4 94. Rh5 Ke4 95. Rb5 Kf4 96. Rb6 Rc5 97. Kb4 Rc8 98. Kc3 Ke5 99. a6 Kd5 100. a7 Ra8 101. Ra6 Kc5 102. Ra4 Kb6 103. Rxc4 1/2-1/2

[Event "SLO-chT (Women)"]
[Site "Ljubljana"]
[Date "2015.03.14"]
[Round "3.1"]
[White "Stevanec, Lea"]
[Black "Novak, Ksenija"]
[Result "0-1"]
[WhiteElo "2085"]
[BlackElo "2067"]
[PlyCount "153"]
[EventDate "2015.03.12"]
[EventType "team-tourn"]
[EventRounds "7"]
[EventCountry "SLO"]
[SourceTitle "EXT 2019"]
[Source "ChessBase"]
[SourceDate "2018.10.10"]
[SourceVersion "1"]
[SourceVersionDate "2018.10.10"]
[SourceQuality "1"]
[WhiteTeam "Tomo Zupan Kranj (W)"]
[BlackTeam "Celje (W)"]
[WhiteTeamCountry "SLO"]
[BlackTeamCountry "SLO"]

1. d4 d5 2. c4 c6 3. Nf3 Nf6 4. Nbd2 Bf5 5. e3 e6 6. Qb3 Qb6 7. c5 Qc7 8. Ne5 b6 9. cxb6 axb6 10. Ndf3 Bd6 11. Bd2 0-0 12. Rc1 c5 13. a3 Ne4 14. g4 Nxd2 15. Nxd2 Bxe5 16. gxf5 Bf6 17. fxe6 fxe6 18. Bh3 Qd6 19. dxc5 bxc5 20. 0-0 Nd7 21. Qc2 Rfb8 22. Rb1 c4 23. Rfd1 Nf8 24. Ne4 Qe5 25. Nc3 Rb3 26. Bg2 Rab8 27. Rd4 Qh5 28. Rdd1 Bxc3 29. bxc3 Qe5 30. Rxb3 Rxb3 31. Rd4 Rxa3 32. Qc1 Rb3 33. e4 Qb8 34. Rd1 dxe4 35. Bxe4 Qe5 36. Rd4 Qc5 37. Qe3 Qh5 38. Bc2 Ra3 39. Qc1 Ra5 40. h4 Qc5 41. Qf1 Qa7 42. Qxc4 Rc5 43. Qd3 Qa1+ 44. Bd1 Qxc3 45. Qxc3 Rxc3 46. Kg2 Kf7 47. Bh5+ g6 48. Bf3 e5 49. Rd6 Ke7 50. Rd5 Kf6 51. Rd6+ Kf5 52. Bd5 e4 53. Rd8 Ne6 54. Bxe6+ Kxe6 55. Rh8 h5 56. Re8+ Kf5 57. Rf8+ Kg4 58. Rf6 Kxh4 59. Rxg6 Rf3 60. Re6 Rf4 61. Re5 Kg4 62. Re8 Kf5 63. Rf8+ Ke5 64. Re8+ Kd4 65. Kf1 h4 66. Ke2 h3 67. Rh8 Rf3 68. Re8 Ra3 69. Rh8 Ke5 70. Rh4 Kf5 71. f4 h2 72. Kf2 Ra1 73. Rxh2 Ra2+ 74. Kg3 Rxh2 75. Kxh2 Kxf4 76. Kg2 Kf5 77. Kf2 0-1

[Event "SLO-chT (Women)"]
[Site "Ljubljana"]
[Date "2015.03.12"]
[Round "1.1"]
[White "Hocevar, Maja"]
[Black "Stevanec, Lea"]
[Result "1-0"]
[WhiteElo "1930"]
[BlackElo "2085"]
[PlyCount "121"]
[EventDate "2015.03.12"]
[EventType "team-tourn"]
[EventRounds "7"]
[EventCountry "SLO"]
[SourceTitle "EXT 2019"]
[Source "ChessBase"]
[SourceDate "2018.10.10"]
[SourceVersion "1"]
[SourceVersionDate "2018.10.10"]
[SourceQuality "1"]
[WhiteTeam "Radenska Pomgrad (W)"]
[BlackTeam "Tomo Zupan Kranj (W)"]
[WhiteTeamCountry "SLO"]
[BlackTeamCountry "SLO"]

1. e4 e6 2. e5 d6 3. exd6 cxd6 4. d4 Nf6 5. Nf3 Be7 6. Be2 0-0 7. 0-0 b6 8. Nc3 Bb7 9. Bf4 a6 10. Re1 Nbd7 11. Bd3 Rc8 12. a4 Re8 13. h3 Qc7 14. Ng5 e5 15. dxe5 dxe5 16. Bd2 Nc5 17. Bc4 Ne6 18. Bb3 Nxg5 19. Bxg5 Qc6 20. f3 Bc5+ 21. Kh1 Rcd8 22. Qe2 Bb4 23. Bd2 Nh5 24. Kh2 e4 25. fxe4 Qd6+ 26. Kg1 Qxd2 27. Qxh5 g6 28. Qf3 Qd4+ 29. Kh1 Qg7 30. Rf1 Rd7 31. Nd5 Bxd5 32. Bxd5 Bd6 33. Bc6 Qe5 34. g3 Ree7 35. Bxd7 Rxd7 36. c3 h5 37. Rad1 Re7 38. Qf4 Bc5 39. Rd8+ Kg7 40. Qxe5+ Rxe5 41. Rd7 Be7 42. Re1 a5 43. Kg2 Kf8 44. Kf3 Bc5 45. Rd5 Re6 46. e5 f6 47. g4 h4 48. Ke4 Bd6 49. Kf3 fxe5 50. g5 Ke8 51. Re4 Kd7 52. Rxh4 Kc6 53. Rd2 Re8 54. Ke4 Rf8 55. Rh6 Rg8 56. Rf2 Be7 57. h4 Kd6 58. h5 Bxg5 59. Rxg6+ Rxg6 60. hxg6 Bh6 61. Rf6+ 1-0

[Event "Ptuj Chess Academy op 1st"]
[Site "Ptuj"]
[Date "2015.01.25"]
[Round "4"]
[White "Bratkovic, Sham"]
[Black "Stevanec, Lea"]
[Result "0-1"]
[WhiteElo "2268"]
[BlackElo "2082"]
[PlyCount "118"]
[EventDate "2015.01.23"]
[EventType "swiss"]
[EventRounds "5"]
[EventCountry "SLO"]
[SourceTitle "CBM 164 Extra"]
[Source "ChessBase"]
[SourceDate "2015.03.02"]
[SourceVersion "1"]
[SourceVersionDate "2015.03.02"]
[SourceQuality "1"]

1. e4 c6 2. d4 d5 3. Nc3 dxe4 4. Nxe4 Nd7 5. Bc4 e6 6. Nf3 Ngf6 7. Nxf6+ Nxf6 8. 0-0 Be7 9. c3 0-0 10. Ne5 Qb6 11. Bb3 a5 12. Qd3 c5 13. Be3 Rd8 14. Rfd1 Qc7 15. Bf4 cxd4 16. cxd4 Qb6 17. Rac1 Bd7 18. Nc4 Qa6 19. a3 a4 20. Ba2 Bb5 21. Qh3 Rac8 22. Ne5 Be2 23. Rxc8 Rxc8 24. Rc1 Rxc1+ 25. Bxc1 Qa5 26. Qc3 Qxc3 27. bxc3 Ne4 28. Bb2 b5 29. c4 Bd6 30. cxb5 Bxb5 31. Bc4 Be8 32. Bd3 Nf6 33. Nc4 Bc7 34. f3 Nd5 35. g3 f6 36. Kf2 g6 37. Be4 Kf7 38. Bxd5 exd5 39. Ne3 Ke6 40. Bc3 Bb5 41. Nc2 h5 42. Bb4 g5 43. Bc5 Bd3 44. Nb4 Bb5 45. Ke3 h4 46. Kf2 h3 47. Nc2 Bd3 48. Ne3 f5 49. Nd1 Ba5 50. Ke3 Bf1 51. Kf2 Bb5 52. Ba7 Bd2 53. Bb6 Bc1 54. Nc3 Bc6 55. Bc5 f4 56. Nd1 Bb5 57. Nc3 Be3+ 58. Ke1 fxg3 59. Ne2 Bxe2 0-1

[Event "Ptuj Chess Academy op 1st"]
[Site "Ptuj"]
[Date "2015.01.24"]
[Round "3"]
[White "Stevanec, Lea"]
[Black "Cvetko, Branko"]
[Result "1-0"]
[WhiteElo "2082"]
[BlackElo "1655"]
[PlyCount "75"]
[EventDate "2015.01.23"]
[EventType "swiss"]
[EventRounds "5"]
[EventCountry "SLO"]
[SourceTitle "CBM 164 Extra"]
[Source "ChessBase"]
[SourceDate "2015.03.02"]
[SourceVersion "1"]
[SourceVersionDate "2015.03.02"]
[SourceQuality "1"]

1. d4 Nf6 2. c4 e6 3. Nf3 d5 4. g3 g6 5. Bg2 Bg7 6. 0-0 Nbd7 7. Bf4 0-0 8. Qc2 c6 9. Nbd2 Re8 10. Rfd1 Nb6 11. Rac1 Nxc4 12. Nxc4 dxc4 13. Qxc4 Nd5 14. Bd2 Bd7 15. e4 Nb6 16. Qc2 Qe7 17. a4 Rad8 18. Ba5 Bc8 19. b3 Rd7 20. Bc3 Red8 21. Bb2 Na8 22. Re1 Nc7 23. Rcd1 Na6 24. Rc1 Nb4 25. Qb1 Na6 26. e5 Nc7 27. Qa1 Bf8 28. Nd2 Nd5 29. Ne4 Rc7 30. Bf1 f5 31. exf6 Nxf6 32. Nxf6+ Qxf6 33. d5 Qf3 34. Bg2 Qxb3 35. Re3 Qb4 36. dxe6 Re8 37. Qa2 Be7 38. Be5 1-0

[Event "Ptuj Chess Academy op 1st"]
[Site "Ptuj"]
[Date "2015.01.23"]
[Round "1"]
[White "Stevanec, Lea"]
[Black "Vidovic, Bojan"]
[Result "1-0"]
[WhiteElo "2082"]
[BlackElo "1479"]
[PlyCount "67"]
[EventDate "2015.01.23"]
[EventType "swiss"]
[EventRounds "5"]
[EventCountry "SLO"]
[SourceTitle "CBM 164 Extra"]
[Source "ChessBase"]
[SourceDate "2015.03.02"]
[SourceVersion "1"]
[SourceVersionDate "2015.03.02"]
[SourceQuality "1"]

1. d4 g6 2. c4 Bg7 3. Nc3 d6 4. e4 Bd7 5. Be3 e5 6. d5 Ne7 7. Bd3 0-0 8. Qd2 Qe8 9. Nge2 c6 10. dxc6 bxc6 11. Bc2 Nc8 12. Rd1 f5 13. f3 f4 14. Bf2 Rf6 15. c5 dxc5 16. Bxc5 Bf8 17. Bf2 Nb6 18. 0-0 Be7 19. a4 Rd6 20. Bd3 Be6 21. a5 Nc4 22. Qc2 Nxa5 23. Nc1 Nd7 24. b4 Nb7 25. Na4 a5 26. b5 cxb5 27. Bxb5 Rc8 28. Qb2 Rxd1 29. Rxd1 Bc5 30. Nd3 Bxf2+ 31. Kxf2 Bc4 32. Bxc4+ Rxc4 33. Qxb7 Rxa4 34. Qb3+ 1-0

[Event "SLO-chT (Women)"]
[Site "Ljubljana"]
[Date "2014.04.06"]
[Round "3.1"]
[White "Stevanec, Lea"]
[Black "Kaps, Darja"]
[Result "0-1"]
[WhiteElo "2094"]
[BlackElo "2230"]
[PlyCount "72"]
[EventDate "2014.04.04"]
[EventType "team-tourn"]
[EventRounds "7"]
[EventCountry "SLO"]
[SourceTitle "EXT 2019"]
[Source "ChessBase"]
[SourceDate "2018.10.10"]
[SourceVersion "1"]
[SourceVersionDate "2018.10.10"]
[SourceQuality "1"]
[WhiteTeam "Kranj Tomo Zupan (W)"]
[BlackTeam "Novo Mesto Krka (W)"]
[WhiteTeamCountry "SLO"]
[BlackTeamCountry "SLO"]

1. d4 f5 2. Nc3 Nf6 3. Bg5 e6 4. e4 fxe4 5. Nxe4 Be7 6. Nxf6+ Bxf6 7. Be3 0-0 8. Bd3 Nc6 9. c3 b6 10. Qc2 h6 11. 0-0-0 Bb7 12. f4 Ne7 13. Kb1 Nf5 14. Bc1 Rb8 15. Nf3 Bxf3 16. gxf3 Nh4 17. Qe2 c5 18. f5 exf5 19. Bf4 cxd4 20. cxd4 Kh8 21. Qf2 d5 22. Rhg1 Rb7 23. Rc1 g5 24. Be5 Ng6 25. Rc6 Nxe5 26. dxe5 Bxe5 27. Rxh6+ Rh7 28. Rxh7+ Kxh7 29. h4 gxh4 30. f4 Bg7 31. Rg5 Kg8 32. Qxh4 Qf6 33. Qh2 Re8 34. Rg1 Re3 35. Bb5 Qd4 36. Qg2 Rg3 0-1

[Event "CRO-chT3B Center North"]
[Site "Croatia"]
[Date "2013.05.19"]
[Round "5.2"]
[White "Kovacic, Zlatko"]
[Black "Stevanec, Lea"]
[Result "0-1"]
[WhiteElo "2104"]
[BlackElo "2096"]
[PlyCount "82"]
[EventDate "2013.04.14"]
[EventType "team-tourn"]
[EventRounds "9"]
[EventCountry "CRO"]
[SourceTitle "EXT 2019"]
[Source "ChessBase"]
[SourceDate "2018.10.10"]
[SourceVersion "1"]
[SourceVersionDate "2018.10.10"]
[SourceQuality "1"]

1. e4 c6 2. d4 d5 3. Nd2 dxe4 4. Nxe4 Nf6 5. Ng3 g6 6. Be2 Bg7 7. Nf3 0-0 8. 0-0 Nbd7 9. c4 Qc7 10. Re1 Rd8 11. Qc2 e5 12. Be3 Ng4 13. Bg5 Re8 14. h3 Ngf6 15. Bf1 exd4 16. Nxd4 b6 17. Qd2 Bb7 18. Bf4 Qc8 19. Be2 Nc5 20. Bf3 Rd8 21. Qe3 Re8 22. Qd2 Rd8 23. Qe3 Qd7 24. Red1 Re8 25. Qa3 Qc8 26. Nc2 Ne6 27. Be3 c5 28. Bxb7 Qxb7 29. Rd2 Rad8 30. Rad1 Rxd2 31. Rxd2 a5 32. Rd6 Bf8 33. Rd2 Qc7 34. Qc3 Bg7 35. Qb3 h5 36. Ne1 Nd4 37. Qd1 h4 38. Ne2 Nf5 39. Bg5 Ne4 40. Bf4 Qe7 41. Rd7 Qf6 0-1

[Event "SLO-chT (Women)"]
[Site "Ljubljana"]
[Date "2013.04.27"]
[Round "7.1"]
[White "Stevanec, Lea"]
[Black "Ahmatovic, Mirela"]
[Result "1-0"]
[WhiteElo "2088"]
[BlackElo "1974"]
[PlyCount "67"]
[EventDate "2013.04.18"]
[EventType "team-tourn"]
[EventRounds "7"]
[EventCountry "SLO"]
[SourceTitle "EXT 2015"]
[Source "ChessBase"]
[SourceDate "2014.11.20"]
[SourceVersion "1"]
[SourceVersionDate "2014.11.20"]
[SourceQuality "1"]
[WhiteTeam "Tomo Zupan Vzajemna (W)"]
[BlackTeam "Triglav Krsko (W)"]
[WhiteTeamCountry "SLO"]
[BlackTeamCountry "SLO"]

1. d4 Nf6 2. c4 g6 3. Nf3 Bg7 4. Nc3 0-0 5. e4 d6 6. h3 c5 7. d5 e6 8. Be2 exd5 9. exd5 Bf5 10. 0-0 Ne4 11. Nb5 a6 12. Na3 Nd7 13. g4 Nxf2 14. Rxf2 Be4 15. Nc2 Ne5 16. Ng5 Bxc2 17. Qxc2 h6 18. Nf3 Re8 19. Bf4 Qb6 20. Kg2 g5 21. Bxe5 Bxe5 22. Nxe5 Rxe5 23. Raf1 Rae8 24. Bd1 R8e7 25. Rf6 Kg7 26. Qc3 Qc7 27. Bc2 Qd8 28. R1f2 b5 29. Qd3 Re4 30. cxb5 axb5 31. Qf3 Rf4 32. Rxf4 gxf4 33. Qxf4 Qd7 34. Qf6+ 1-0

[Event "SLO-chT (Women)"]
[Site "Ljubljana"]
[Date "2013.04.26"]
[Round "6.1"]
[White "Orehek, Spela"]
[Black "Stevanec, Lea"]
[Result "1-0"]
[WhiteElo "2045"]
[BlackElo "2088"]
[PlyCount "109"]
[EventDate "2013.04.18"]
[EventType "team-tourn"]
[EventRounds "7"]
[EventCountry "SLO"]
[SourceTitle "EXT 2015"]
[Source "ChessBase"]
[SourceDate "2014.11.20"]
[SourceVersion "1"]
[SourceVersionDate "2014.11.20"]
[SourceQuality "1"]
[WhiteTeam "Domzale (W)"]
[BlackTeam "Tomo Zupan Vzajemna (W)"]
[WhiteTeamCountry "SLO"]
[BlackTeamCountry "SLO"]

1. e4 c6 2. d4 d5 3. exd5 cxd5 4. c4 Nf6 5. Nc3 e6 6. Nf3 Be7 7. cxd5 Nxd5 8. Bd3 Nc6 9. a3 Bf6 10. Be4 Nxc3 11. bxc3 0-0 12. 0-0 g6 13. Bf4 Qa5 14. Qb3 e5 15. Bh6 Re8 16. d5 Nd8 17. Nd2 Bd7 18. Qb4 Qa6 19. c4 Be7 20. c5 Rc8 21. Be3 f5 22. d6 fxe4 23. dxe7 Rxe7 24. Nxe4 Nc6 25. Nf6+ Kh8 26. Qh4 Bf5 27. Rfd1 Rf7 28. Bg5 Nd4 29. Rxd4 exd4 30. Qxd4 Qd3 31. Qe5 Rxf6 32. Bxf6+ Kg8 33. h3 Qd7 34. Re1 Kf7 35. Bg5 Re8 36. Qf6+ Kg8 37. Rc1 Re6 38. Qb2 h5 39. Qb3 Qf7 40. Qa4 Ra6 41. Qb4 Qd5 42. Qc3 Re6 43. Bh6 Qd7 44. Qg3 a6 45. Qb8+ Kh7 46. Be3 Be4 47. Rc4 Re8 48. Qf4 Bd5 49. Qh6+ Kg8 50. Qxg6+ Kf8 51. Bh6+ Ke7 52. Bg5+ Kf8 53. Rf4+ Bf7 54. Bh6+ Ke7 55. Qf6# 1-0

[Event "CRO-chT3B Center North"]
[Site "Croatia"]
[Date "2012.10.13"]
[Round "7.52"]
[White "Stevanec, Lea"]
[Black "Storga, Dalibor"]
[Result "0-1"]
[WhiteElo "2081"]
[BlackElo "2130"]
[PlyCount "84"]
[EventDate "2012.04.14"]
[EventType "team-tourn"]
[EventRounds "9"]
[EventCountry "CRO"]
[SourceTitle "EXT 2013"]
[Source "ChessBase"]
[SourceDate "2012.11.22"]
[SourceVersion "1"]
[SourceVersionDate "2012.11.22"]
[SourceQuality "1"]

1. d4 Nf6 2. c4 e6 3. Nf3 Bb4+ 4. Bd2 Qe7 5. g3 Ne4 6. Bg2 f5 7. 0-0 0-0 8. a3 Bxd2 9. Nfxd2 Nxd2 10. Qxd2 d6 11. Nc3 c6 12. e4 Qf6 13. exf5 exf5 14. f4 Bd7 15. b4 Na6 16. Rab1 Nc7 17. d5 Rad8 18. a4 Rfe8 19. b5 c5 20. b6 axb6 21. Rxb6 Bc8 22. Ne2 Re7 23. Bf3 Rde8 24. Kf2 Na6 25. Rb3 Nb4 26. Rfb1 Qh6 27. h4 Qf6 28. a5 Kf8 29. Bh5 g6 30. Bf3 Kg8 31. Qb2 Kg7 32. Qxf6+ Kxf6 33. Rxb4 cxb4 34. Rxb4 Rc7 35. Nd4 Rc5 36. Nb3 Rc7 37. Be2 Rce7 38. Bf3 Rc7 39. c5 Bd7 40. Rb6 Ba4 41. cxd6 Rc2+ 42. Kg1 Re1# 0-1

[Event "CRO-chT3B Center North"]
[Site "Croatia"]
[Date "2012.05.19"]
[Round "5.41"]
[White "Zeleznjak, Tihomir"]
[Black "Stevanec, Lea"]
[Result "0-1"]
[WhiteElo "2141"]
[BlackElo "2072"]
[PlyCount "92"]
[EventDate "2012.04.14"]
[EventType "team-tourn"]
[EventRounds "9"]
[EventCountry "CRO"]
[SourceTitle "EXT 2013"]
[Source "ChessBase"]
[SourceDate "2012.11.22"]
[SourceVersion "1"]
[SourceVersionDate "2012.11.22"]
[SourceQuality "1"]

1. e4 c6 2. d4 d5 3. Nc3 dxe4 4. Nxe4 Nd7 5. Nf3 Ngf6 6. Nxf6+ exf6 7. Bf4 Be7 8. Bd3 0-0 9. 0-0 Nb6 10. h3 Be6 11. Qe2 Nd5 12. Bd2 Bd6 13. c4 Ne7 14. Rfe1 Re8 15. Rad1 Qd7 16. Nh4 Rad8 17. Qf3 Bc7 18. Qh5 g6 19. Qh6 Kh8 20. Bc3 Ng8 21. Qd2 Bxh3 22. Be2 Re4 23. g3 Rde8 24. Bf3 Rxe1+ 25. Rxe1 Rxe1+ 26. Qxe1 Be6 27. Qe2 Kg7 28. Ng2 Bb6 29. Qd3 Bf5 30. Qd2 Ne7 31. Nf4 Bg4 32. Bg2 g5 33. Ne2 Qe6 34. f3 Bf5 35. b3 h6 36. g4 Bb1 37. Ng3 Bc7 38. Nh5+ Kf8 39. d5 Bb6+ 40. Kf1 cxd5 41. Nxf6 Be3 42. Qd1 Bxa2 43. cxd5 Qa6+ 44. Ke1 Bf4 45. Ne4 Qb6 46. d6 Nc6 0-1

[Event "SLO-chT (Women)"]
[Site "Murska Sobota"]
[Date "2012.04.22"]
[Round "7"]
[White "Stevanec, Lea"]
[Black "Leonardi, Caterina"]
[Result "0-1"]
[WhiteElo "2072"]
[BlackElo "1847"]
[PlyCount "104"]
[EventDate "2012.04.13"]
[EventType "team-tourn"]
[EventRounds "7"]
[EventCountry "SLO"]
[SourceTitle "EXT 2022"]
[Source "ChessBase"]
[SourceDate "2021.10.06"]
[SourceVersion "1"]
[SourceVersionDate "2021.10.06"]
[SourceQuality "1"]
[WhiteTeam "Kranj Tomo Zupan (W)"]
[BlackTeam "Komenda SK (W)"]
[WhiteTeamCountry "SLO"]
[BlackTeamCountry "SLO"]

1. d4 Nf6 2. Nf3 g6 3. c4 Bg7 4. Nc3 d5 5. cxd5 Nxd5 6. e3 0-0 7. Be2 c5 8. Qb3 Nxc3 9. bxc3 Nc6 10. 0-0 Rb8 11. Ba3 cxd4 12. cxd4 Be6 13. Qb5 Bd5 14. Rfd1 Re8 15. Ne5 a6 16. Qb2 Qc7 17. Rac1 e6 18. f4 Qd8 19. Bd3 Nxe5 20. dxe5 b5 21. Bd6 Rc8 22. Bc5 Qa5 23. a3 Bf8 24. Bxf8 Rxf8 25. e4 Bb7 26. f5 Rxc1 27. Rxc1 Rd8 28. Qc3 Qb6+ 29. Kh1 exf5 30. exf5 Qf2 31. Bf1 Qxf5 32. Qe3 Re8 33. Re1 Bd5 34. Qd4 Qe6 35. Bd3 Qc6 36. Re2 Qc1+ 37. Qg1 Qxa3 38. Rd2 Rxe5 39. h3 Qc3 40. Qf2 Qc1+ 41. Kh2 Rg5 42. Rc2 Qa1 43. Qh4 Qe5+ 44. Kh1 Rg3 45. Bf1 Re3 46. Qh6 Bc4 47. Rd2 Qe7 48. Bxc4 Re1+ 49. Bf1 Rxf1+ 50. Kh2 Re1 51. h4 Qe5+ 52. Kh3 Re3+ 0-1

[Event "SLO-chT (Women)"]
[Site "Murska Sobota"]
[Date "2012.04.20"]
[Round "5"]
[White "Stevanec, Lea"]
[Black "Franciskovic, Borka"]
[Result "1/2-1/2"]
[WhiteElo "2072"]
[BlackElo "2250"]
[PlyCount "33"]
[EventDate "2012.04.13"]
[EventType "team-tourn"]
[EventRounds "7"]
[EventCountry "SLO"]
[SourceTitle "EXT 2022"]
[Source "ChessBase"]
[SourceDate "2021.10.06"]
[SourceVersion "1"]
[SourceVersionDate "2021.10.06"]
[SourceQuality "1"]
[WhiteTeam "Kranj Tomo Zupan (W)"]
[BlackTeam "Kocevje (W)"]
[WhiteTeamCountry "SLO"]
[BlackTeamCountry "SLO"]

1. d4 Nf6 2. c4 e6 3. Nf3 Bb4+ 4. Bd2 Qe7 5. e3 0-0 6. Bd3 Bxd2+ 7. Nbxd2 d6 8. Qc2 e5 9. 0-0-0 Re8 10. dxe5 dxe5 11. Ng5 h6 12. Nge4 Na6 13. Nxf6+ Qxf6 14. Ne4 Qe7 15. Qe2 Nb4 16. Bb1 Be6 17. a3 1/2-1/2

[Event "SLO-ch (Women)"]
[Site "Ljubljana"]
[Date "2010.08.10"]
[Round "4"]
[White "Krivec, Jana"]
[Black "Stevanec, Lea"]
[Result "0-1"]
[WhiteElo "2318"]
[BlackElo "2129"]
[PlyCount "110"]
[EventDate "2010.08.07"]
[EventType "tourn"]
[EventRounds "9"]
[EventCountry "SLO"]
[SourceTitle "CBM 137 Extra"]
[Source "ChessBase"]
[SourceDate "2010.09.01"]
[SourceVersion "1"]
[SourceVersionDate "2010.09.01"]
[SourceQuality "1"]

1. e4 c6 2. d4 d5 3. Nc3 dxe4 4. Nxe4 Nd7 5. Ng5 Ngf6 6. Bd3 e6 7. N1f3 Bd6 8. Qe2 h6 9. Ne4 Nxe4 10. Qxe4 Qc7 11. Qg4 Kf8 12. 0-0 e5 13. Qh4 exd4 14. Qxd4 Ne5 15. Nxe5 Bxe5 16. Qh4 Be6 17. Re1 Re8 18. Be3 c5 19. c3 Kg8 20. Qh5 Bd6 21. h4 Qd7 22. Qe2 Qe7 23. g3 Qc7 24. Qf3 Qd7 25. Bc2 Bg4 26. Qd5 Re5 27. Qd2 Bf3 28. Kh2 Rd5 29. Qc1 g5 30. Bd1 Qg4 31. Bxf3 Qxf3 32. c4 Rf5 33. Qd1 Qc6 34. Qg4 Rf6 35. Rad1 Kh7 36. Rd5 gxh4 37. Qxh4 Re8 38. Kg1 Rg6 39. Rf5 Qc7 40. Kh2 Qd7 41. Rf3 Re5 42. Rd1 Qe6 43. Bf4 Be7 44. Qh3 Qc6 45. Rdd3 Ree6 46. Rd5 Kg7 47. Rfd3 Bf6 48. Rd2 Bd4 49. Qf5 Qe8 50. Kg2 Kh7 51. Kh2 Ref6 52. Qd3 Rxf4 53. gxf4 Qe1 54. Rg5 hxg5 55. fxg5 Qe5+ 0-1

[Event "SLO-ch (Women)"]
[Site "Ljubljana"]
[Date "2010.08.09"]
[Round "3"]
[White "Stevanec, Lea"]
[Black "Rozic, Vesna"]
[Result "0-1"]
[WhiteElo "2129"]
[BlackElo "2287"]
[PlyCount "81"]
[EventDate "2010.08.07"]
[EventType "tourn"]
[EventRounds "9"]
[EventCountry "SLO"]
[SourceTitle "CBM 137 Extra"]
[Source "ChessBase"]
[SourceDate "2010.09.01"]
[SourceVersion "1"]
[SourceVersionDate "2010.09.01"]
[SourceQuality "1"]

1. d4 d5 2. c4 e6 3. Nf3 Nf6 4. Nc3 c6 5. e3 Nbd7 6. Bd3 Bd6 7. cxd5 exd5 8. 0-0 0-0 9. Re1 h6 10. h3 Re8 11. Qc2 Nf8 12. a3 a5 13. Bd2 Bd7 14. e4 dxe4 15. Nxe4 Nxe4 16. Bxe4 Be6 17. Ne5 Bc7 18. Be3 Bd5 19. Bxd5 Qxd5 20. f4 Rad8 21. Qf2 Nd7 22. Rac1 Bb6 23. Kh1 Nf6 24. Nf3 Ne4 25. Qc2 Ng3+ 26. Kh2 Nf5 27. Bf2 Nxd4 28. Bxd4 Bxd4 29. Rxe8+ Rxe8 30. Rd1 c5 31. Ne5 b5 32. Qd3 Qb7 33. Qf5 Qc7 34. Nf3 g6 35. Qg4 Re4 36. g3 h5 37. Qg5 Re2+ 38. Kh1 Qc6 39. Rf1 Re1 40. Rxe1 Qxf3+ 41. Kh2 0-1

[Event "SLO-ch U20 qual"]
[Site "Otocec"]
[Date "2010.07.11"]
[Round "9"]
[White "Stevanec, Lea"]
[Black "Rifelj, Luka"]
[Result "1/2-1/2"]
[WhiteElo "2129"]
[BlackElo "1805"]
[PlyCount "152"]
[EventDate "2010.07.06"]
[EventType "swiss"]
[EventRounds "9"]
[EventCountry "SLO"]
[SourceTitle "EXT 2012"]
[Source "ChessBase"]
[SourceDate "2011.11.24"]
[SourceVersion "1"]
[SourceVersionDate "2011.11.24"]
[SourceQuality "1"]

1. d4 Nf6 2. c4 e6 3. Nf3 b6 4. e3 Bb7 5. Bd3 Bb4+ 6. Nc3 0-0 7. 0-0 Bxc3 8. bxc3 d6 9. Qc2 Nbd7 10. Re1 e5 11. e4 Re8 12. Bg5 Qe7 13. Nd2 h6 14. Bh4 g5 15. Bg3 Nh5 16. d5 Nf8 17. Qd1 Nf4 18. Bf1 N8g6 19. f3 a5 20. Bf2 Qd7 21. Rb1 Bc8 22. Rb2 Re7 23. Nb1 h5 24. Na3 Ba6 25. Nc2 f6 26. Ne3 Rh7 27. Nf5 Ne7 28. Ne3 Rg7 29. Kh1 Kf7 30. g3 Nh3 31. Qb1 Rh8 32. c5 Bxf1 33. cxd6 Be2 34. Rexe2 Nxf2+ 35. Rxf2 Qxd6 36. Qf1 h4 37. g4 Rgg8 38. Nc4 Qd7 39. d6 Nc8 40. Rfd2 b5 41. dxc7 Qxc7 42. Rxb5 Rd8 43. Rdb2 Rd7 44. Kg2 Rhd8 45. Qe2 Ne7 46. Nb6 Ng6 47. Qc4+ Qxc4 48. Nxc4 Nf4+ 49. Kf2 Nd3+ 50. Ke2 Nxb2 51. Rxb2 Rd1 52. Ne3 Rc1 53. Nd5 Rh1 54. Ke3 h3 55. Rb7+ Ke6 56. c4 Rxh2 57. c5 Rxd5 58. Rb6+ Kd7 59. exd5 Rc2 60. Rb7+ Kd8 61. c6 Rc4 62. Kf2 Rc5 63. Rd7+ Kc8 64. Kg3 Rc3 65. Kh2 a4 66. Rd6 Rxf3 67. Re6 Rc3 68. Rxf6 e4 69. Re6 e3 70. Kxh3 Rc5 71. Kg2 Rxd5 72. Kf3 Rc5 73. Kxe3 Rc2 74. Re5 Rxa2 75. Rxg5 Kc7 76. Kd4 Kxc6 1/2-1/2

[Event "SLO-chT (Women)"]
[Site "Slovenia"]
[Date "2010.??.??"]
[Round "7"]
[White "Mar, Karmen"]
[Black "Stevanec, Lea"]
[Result "1-0"]
[WhiteElo "2235"]
[BlackElo "2125"]
[PlyCount "79"]
[EventDate "2010.??.??"]
[EventType "team-tourn"]
[EventRounds "9"]
[EventCountry "SLO"]
[SourceTitle "EXT 2012"]
[Source "ChessBase"]
[SourceDate "2011.11.24"]
[SourceVersion "1"]
[SourceVersionDate "2011.11.24"]
[SourceQuality "1"]

1. e4 c6 2. d4 d5 3. Nc3 dxe4 4. Nxe4 Nd7 5. Ng5 e6 6. Bd3 Ngf6 7. N1f3 Bd6 8. Qe2 h6 9. Ne4 Nxe4 10. Qxe4 Qc7 11. 0-0 Nf6 12. Qh4 Bd7 13. Re1 0-0-0 14. Ne5 Rdf8 15. f4 Nd5 16. c4 Nxf4 17. Qxf4 c5 18. dxc5 Bxc5+ 19. Kh1 Bd6 20. Qe4 Be8 21. Bd2 Kb8 22. b4 f6 23. Nf3 Bc6 24. Qe3 g5 25. Nd4 Be5 26. Nxc6+ bxc6 27. Rab1 Rd8 28. Rb3 Bxh2 29. Qxe6 Rd6 30. Qh3 Be5 31. Bc3 Bf4 32. c5 Rd5 33. Bc4 g4 34. Qxg4 Rg5 35. Qf3 Rg3 36. Qe4 Bg5 37. Be5 fxe5 38. Rxg3 Re8 39. Rb3 Bf4 40. b5 1-0